Aktuelle Entwicklungen in den Sozialen Diensten der Justiz: Strukturen, Spezialisierung, Qualifizierung
| Corporate Author: | |
|---|---|
| Contributors: | |
| Format: | Print Book |
| Language: | German |
| Published: |
Wiesbaden
Kriminologische Zentralstelle
1996
|
| In: |
Kriminologie und Praxis (20)
Year: 1996 |
| Availability in Tübingen: | Present in Tübingen. IFK: S XCIX 20 |
| Check availability: | HBZ Gateway |
| Subito Delivery Service: | Order now. |
| Keywords: |
MARC
| LEADER | 00000cam a2200000 c 4500 | ||
|---|---|---|---|
| 001 | 224588559 | ||
| 003 | DE-627 | ||
| 005 | 20260206200028.0 | ||
| 007 | tu | ||
| 008 | 970219s1996 gw ||||| 00| ||ger c | ||
| 015 | |a 97,N09,0173 |2 dnb | ||
| 015 | |a 97,B18,0259 |2 dnb | ||
| 016 | 7 | |a 949616311 |2 DE-101 | |
| 020 | |a 3926371315 |c : DM 32.00 (kart.) |9 3-926371-31-5 | ||
| 035 | |a (DE-627)224588559 | ||
| 035 | |a (DE-603)051609827 | ||
| 035 | |a (DE-576)05780494X | ||
| 035 | |a (DE-599)DNB949616311 | ||
| 035 | |a (OCoLC)231695251 | ||
| 035 | |a (OCoLC)41620558 | ||
| 040 | |a DE-627 |b ger |c DE-627 |e rakwb | ||
| 041 | |a ger | ||
| 044 | |c XA-DE | ||
| 050 | 0 | |a KK8239 | |
| 084 | |a 19 |2 sdnb | ||
| 084 | |a PH 5290 |2 rvk |0 (DE-625)rvk/136198: | ||
| 084 | |a DS 7700 |2 rvk |0 (DE-625)rvk/19971: | ||
| 084 | |a 79.12 |2 bkl | ||
| 084 | |a 86.42 |2 bkl | ||
| 245 | 0 | 0 | |a Aktuelle Entwicklungen in den Sozialen Diensten der Justiz |b Strukturen, Spezialisierung, Qualifizierung |c hrsg. von Rudolf Egg ... |
| 246 | 1 | |i Nebent. |a Entwicklungen in den Sozialen Diensten der Justiz | |
| 246 | 3 | 3 | |a Entwicklungen in den Sozialen Diensten der Justiz |
| 264 | 1 | |a Wiesbaden |b Kriminologische Zentralstelle |c 1996 | |
| 300 | |a 302 S. |b Ill., graph. Darst. |c 21 cm | ||
| 336 | |a Text |b txt |2 rdacontent | ||
| 337 | |a ohne Hilfsmittel zu benutzen |b n |2 rdamedia | ||
| 338 | |a Band |b nc |2 rdacarrier | ||
| 490 | 1 | |a Kriminologie und Praxis |v 20 | |
| 500 | |a Literaturangaben | ||
| 583 | 1 | |a Archivierung/Langzeitarchivierung gewährleistet |f PEHE |2 pdager |5 DE-43 | |
| 650 | 0 | 7 | |0 (DE-588)4077559-8 |0 (DE-627)104629363 |0 (DE-576)209205644 |a Sozialdienst |2 gnd |
| 650 | 0 | 7 | |0 (DE-588)4073136-4 |0 (DE-627)106093207 |0 (DE-576)209189509 |a Justiz |2 gnd |
| 653 | 0 | |a a |a Social work with criminals |a Germany | |
| 653 | 0 | |a a |a Criminal justice, Administration of |a Social aspects |a Germany | |
| 655 | 7 | |a Konferenzschrift |0 (DE-588)1071861417 |0 (DE-627)826484824 |0 (DE-576)433375485 |2 gnd-content | |
| 655 | 7 | |a Aufsatzsammlung |0 (DE-588)4143413-4 |0 (DE-627)105605727 |0 (DE-576)209726091 |2 gnd-content | |
| 689 | 0 | 0 | |d g |0 (DE-588)4011882-4 |0 (DE-627)104704861 |0 (DE-576)208896155 |a Deutschland |2 gnd |
| 689 | 0 | 1 | |d s |0 (DE-588)4183472-0 |0 (DE-627)105302465 |0 (DE-576)210018860 |a Strafjustiz |2 gnd |
| 689 | 0 | 2 | |d s |0 (DE-588)4077559-8 |0 (DE-627)104629363 |0 (DE-576)209205644 |a Sozialdienst |2 gnd |
| 689 | 0 | |5 (DE-627) | |
| 689 | 1 | 0 | |d s |0 (DE-588)4073136-4 |0 (DE-627)106093207 |0 (DE-576)209189509 |a Justiz |2 gnd |
| 689 | 1 | |5 (DE-627) | |
| 700 | 1 | |a Egg, Rudolf |d 1948- |e Hrsg. |0 (DE-588)121657248 |0 (DE-627)081448600 |0 (DE-576)160831415 |4 edt | |
| 710 | 2 | |a Kriminologische Zentralstelle |0 (DE-588)2089631-1 |0 (DE-627)10037722X |0 (DE-576)192631705 |4 oth | |
| 830 | 0 | |a Kriminologie und Praxis |v 20 |9 20 |w (DE-627)182247430 |w (DE-576)012734136 |w (DE-600)1190151-2 |x 2366-3189 |7 am | |
| 935 | |i Blocktest | ||
| 936 | r | v | |a PH 5290 |b Strafaussetzung, Bewährungshilfe |k Rechtswissenschaft |k Strafrecht, Strafverfahrensrecht, Kriminologie |k Strafvollzug |k Strafaussetzung, Bewährungshilfe |0 (DE-627)1272237338 |0 (DE-625)rvk/136198: |0 (DE-576)202237338 |
| 936 | r | v | |a DS 7700 |b Kriminalpädagogik, Resozialisierung, Straffälligenhilfe (Erwachsene) |k Pädagogik |k Sozialpädagogik, Sozialarbeit |k Berufsfelder |k Kriminalpädagogik, Resozialisierung, Straffälligenhilfe (Erwachsene) |0 (DE-627)1270784579 |0 (DE-625)rvk/19971: |0 (DE-576)200784579 |
| 936 | b | k | |a 79.12 |j Soziale Dienste |0 (DE-627)106412906 |
| 936 | b | k | |a 86.42 |j Strafrecht: Sonstiges |0 (DE-627)10641352X |
| 936 | s | n | |a d100 |2 mzub |
| 936 | s | n | |a p100 |2 mzub |
| 951 | |a BO | ||
| ELC | |b 1 | ||
| LOK | |0 000 xxxxxcx a22 zn 4500 | ||
| LOK | |0 001 3175293123 | ||
| LOK | |0 003 DE-627 | ||
| LOK | |0 004 224588559 | ||
| LOK | |0 005 19970918000000 | ||
| LOK | |0 008 970812||||||||||||||||ger||||||| | ||
| LOK | |0 040 |a DE-21-110 |c DE-627 |d DE-21-110 | ||
| LOK | |0 852 |a DE-21-110 | ||
| LOK | |0 852 1 |c S XCIX 20 |m p |9 00 | ||
| LOK | |0 935 |a k110 | ||
| LOK | |0 938 |k p | ||
| LOK | |0 939 |a 12-08-97 |b l01 | ||
| ORI | |a SA-MARC-krimdoka001.raw | ||
| SIG | |a IFK: S XCIX 20 | ||
| TIM | |a 100019901003_100020261231 |b 1990-10-03 - 2026 | ||
